Super Smash Bros. Ultimate Assist Trophies Quiz - Statistics

General Stats
  • This quiz has been taken 40 times
  • The average score is 38 of 59
Answer Stats
Trophy Series Origin % Correct
Alucard Castlevania
85%
Bomberman Bomberman
85%
Waluigi Super Mario
81%
Ashley WarioWare
77%
Devil Devil World
77%
Krystal Star Fox
77%
Andross Star Fox
73%
Black Knight Fire Emblem
73%
Dillon Dillon's Rolling Western
73%
Guile Street Fighter
73%
Lyn Fire Emblem
73%
Akira Virtua Fighter
69%
Chain Chomp Super Mario
69%
Ghosts Pac-Man
69%
Hammer Bro Super Mario
69%
Isaac Golden Sun
69%
Knuckle Joe Kirby
69%
Metroid Metroid
69%
Midna The Legend of Zelda
69%
Mother Brain Metroid
69%
Nintendog Nintendogs
69%
Shadow the Hedgehog Sonic the Hedgehog
69%
Sheriff Sheriff
69%
Shovel Knight Shovel Knight
69%
Squid Sisters Splatoon
69%
Starfy The Legendary Starfy
69%
Arcade Bunny Nintendo Badge Arcade
65%
Chef Kawasaki Kirby
65%
Dr. Kawashima Brain Age
65%
Dr. Wily Mega Man
65%
Moon The Legend of Zelda
65%
Nightmare Kirby
65%
Rathalos Monster Hunter
65%
Spring Man ARMS
65%
Zero Mega Man
65%
Burrowing Snagret Pikmin
62%
Jeff EarthBound
62%
Klaptrap Donkey Kong
62%
Riki Xenoblade Chronicles
62%
Skull Kid The Legend of Zelda
62%
Starman EarthBound
62%
Sukapon Joy Mech Fight
62%
Thwomp Super Mario
62%
Ghirahim The Legend of Zelda
58%
Gray Fox Metal Gear
58%
Kapp'n Animal Crossing
58%
Nikki Swapnote
58%
Phosphora Kid Icarus
58%
Samurai Goroh F-Zero
58%
Tiki Fire Emblem
58%
Vince Art Academy
58%
Color TV-Game 15 Color TV-Game
54%
Dr. Wright SimCity
54%
Knuckles the Echidna Sonic the Hedgehog
54%
Rodin Bayonetta
54%
Flies & Hand Super Mario
38%
Sablé Prince Kaeru no Tame ni Kane wa Naru
35%
Yuri Kozukata Fatal Frame
31%
Takamura The Mysterious Murasame Castle
8%
No matching quizzes found
Score Distribution
Percent of People with Each Score
Percentile by Number Answered
Your Score History
You have not taken this quiz